Geospatial Integration, Standardization and Auditing of Manual Cadastral Mapping in Pakistan : (Record no. 535742)
[ view plain ]
| 000 -LEADER | |
|---|---|
| fixed length control field | 00594nam a22001457a 4500 |
| 082 ## - DEWEY DECIMAL CLASSIFICATION NUMBER | |
| Classification number | 621.3678 |
| 100 ## - MAIN ENTRY--PERSONAL NAME | |
| Personal name | Ahsan, Muhammad Sheraz |
| 245 ## - TITLE STATEMENT | |
| Title | Geospatial Integration, Standardization and Auditing of Manual Cadastral Mapping in Pakistan : |
| Remainder of title | A Case Study of Mauza Chak No. 154-ML, District Muzaffargarh / |
| Statement of responsibility, etc. | Muhammad Sheraz Ahsan. |
| 260 ## - PUBLICATION, DISTRIBUTION, ETC. | |
| Place of publication, distribution, etc. | Islamabad : |
| Name of publisher, distributor, etc. | IGIS - NUST, |
| Date of publication, distribution, etc. | 2015. |
| 300 ## - PHYSICAL DESCRIPTION | |
| Extent | 94 p. : ill. ; |
| Dimensions | 30cm. |
| 942 ## - ADDED ENTRY ELEMENTS (KOHA) | |
| Source of classification or shelving scheme | |
| Koha item type | Thesis |
| 650 ## - SUBJECT ADDED ENTRY--TOPICAL TERM | |
| Topical term or geographic name entry element | Remote Sensing & GIS - MS Theses. |
| 700 ## - ADDED ENTRY--PERSONAL NAME | |
| Personal name | Sup Dr. Ejaz Hussain. |
| 650 ## - SUBJECT ADDED ENTRY--TOPICAL TERM | |
| -- | 28080 |
| 700 ## - ADDED ENTRY--PERSONAL NAME | |
| -- | 30332 |
| Withdrawn status | Lost status | Source of classification or shelving scheme | Damaged status | Not for loan | Permanent Location | Current Location | Shelving location | Date acquired | Total Checkouts | Full call number | Barcode | Date last seen | Price effective from | Koha item type |
|---|---|---|---|---|---|---|---|---|---|---|---|---|---|---|
| Central Library (CL) | Central Library (CL) | Thesis | 09/22/2020 | 621.3678 | CL-T-5861 | 09/22/2020 | 09/22/2020 | Thesis |
